| 000 | 01962nam a2200445 i 4500 | ||
|---|---|---|---|
| 001 | 12673 | ||
| 003 | ES-MaACL | ||
| 005 | 20250803063029.0 | ||
| 007 | t| | ||
| 008 | 960731s1996 sp |||| | spa j | ||
| 017 |
_aM 19579-1996 _bOficina Depósito Legal Madrid |
||
| 020 | _a84-7100-668-5 | ||
| 080 | _a981".../1500" | ||
| 080 | _a327(81:469)"15" | ||
| 080 | _a327(469:81)"15" | ||
| 100 | 1 |
_aCouto, Jorge, _d1951- _eaut _941326 |
|
| 245 | 1 | 0 |
_aPortugal y la construcción de Brasil / _cJorge Couto |
| 260 |
_aMadrid : _bMAPFRE, _c[1996] |
||
| 300 |
_a415 páginas ; _c23 cm |
||
| 490 | 1 |
_aColección Portugal y el mundo _v6 _9179026 |
|
| 490 | 1 |
_aColecciones MAPFRE 1492 _9241455 |
|
| 500 | _aÍndices | ||
| 504 | _aBibliografía: páginas [399]-401 | ||
| 505 | _aEl espacio geográfico; Las sociedades indígenas; El descubrimiento; El tiempo de las factorías; Los modelos de colonización; Avances y resistencias; La organización económica y social; La aculturación; Anexos | ||
| 530 | _aDisponible en formato digital | ||
| 650 | 4 |
_aPersonas negras- _zBrasil _9241499 |
|
| 650 | 4 |
_aIndios de Brasil- _xHistoria _913685 |
|
| 651 | 7 |
_aBrasil- _xDescubrimientos y exploraciones- _xPortugueses _9169448 |
|
| 651 | 7 |
_aBrasil- _xRelaciones- _zPortugal _9157003 |
|
| 651 | 7 |
_aPortugal- _xRelaciones- _zBrasil _9157004 |
|
| 710 | 2 |
_aFundación MAPFRE América _eisb _94363 |
|
| 710 | 2 |
_aFundación MAPFRE _eedt _94362 |
|
| 830 | 0 |
_aColección Portugal y el mundo _v6 _9179026 |
|
| 830 | 0 |
_aColecciones MAPFRE 1492 _9241455 |
|
| 852 |
_aES-MaACL _cDEPO2 _jL-20054 |
||
| 856 |
_uhttps://archive.org/details/couto-j.-portugal-y-la-construccion-de-brasil-mapfre-1492-1996/mode/2up _yVersión en línea _z(Internet Archive) _2Disponible en formato digital |
||
| 856 |
_uhttps://archive.org/details/couto-j.-portugal-y-la-construccion-de-brasil-1996 _yVersión en línea _z(Internet Archive) |
||
| 942 | _2udc | ||
| 999 |
_c12673 _d12673 |
||